000 00534nam a22001937a 4500
003 SISC
005 20160317153551.0
008 130831t xxu||||| |||| 00| 0 eng d
020 _a9781853048296
050 _aNC 730
_b.B533 1996
082 _aHS 741
_bB35 1996
100 _aBerrill, Philip
245 _aEveryone's guide to sketching /
_cPhilip Berrill.
260 _aLondon :
_bRavette Publishing Limited,
_c1996.
300 _a64 p. ;
_bill. col. ;
_c26 cm.
650 _aDrawing
_915957
942 _2lcc
_cBK
999 _c10093
_d10093